| 000 | 01561nam a22003377a 4500 | ||
|---|---|---|---|
| 001 | 1556 | ||
| 003 | FISKH | ||
| 005 | 20231002135430.0 | ||
| 008 | 230906b cb ||||| |||| 00| 0 khrd | ||
| 020 | _a9789996305740 | ||
| 040 |
_aFISKH _beng _cFISKH _dFISKH |
||
| 082 | _a641.56 | ||
| 100 | _aKuoy, Nou | ||
| 245 | _aការដាំត្រប់វែង / | ||
| 250 | _aបោះពុម្ពលើកទី២ មករា ២០២១ | ||
| 260 |
_aPhnom Penh : _bSipar, _c2021. |
||
| 300 |
_a48 pages : _bcolor illustrations ; _c29 cm |
||
| 490 | _aបំនិនជីវិត | ||
| 505 | _aZ' | ||
| 520 | _aបង្ហាញពីរបៀបរៀបចំដី ការបណ្ដុះកូនរហូតដល់ការប្រមូលផល និងវិធីធ្វើម្ហូបអាហារសាមញ្ញៗពីផ្លែត្រប់វែងសម្រាប់បរិភោគក្នុងគ្រួសារ។ | ||
| 520 | _aDemonstrates how to prepare the soil, grow small eggplants for harvesting and how to make simple food from eggplant for family consumption. | ||
| 521 | 8 |
_a1120
_bLexile estimate |
|
| 521 | 8 |
_aZ'
_bRaz-Plus |
|
| 650 |
_aត្រប់វែង _vប្រមួលផល _xម្ហូបម្ហា |
||
| 650 |
_aEggplant _vHarvest _xFood |
||
| 700 |
_aSovanney, Oun _eAuthor |
||
| 700 |
_aMany, Noung _eAuthor |
||
| 700 |
_aSophaleap, Nhoek _eillustrator |
||
| 700 |
_aSamphors, Try _eillustrator |
||
| 942 |
_2ddc _cBK _n0 |
||
| 999 |
_c1556 _d1556 |
||